Squadra dell'anno AIC 2013 - Statistics

Statistiche generali
  • Questo quiz è stato fatto 7 volte
  • Il punteggio medio è 9 su 11
Statistiche sulle risposte
Ruolo Nazione Squadra Calciatore % Corretto
Difensore Italia Juventus Andrea Barzagli
100%
Centrocampista Italia Juventus Andrea Pirlo
100%
Attaccante Italia Udinese Antonio Di Natale
100%
Centrocampista Cile Juventus Arturo Vidal
100%
Attaccante Uruguay Napoli Edinson Cavani
100%
Difensore Italia Juventus Giorgio Chiellini
100%
Portiere Slovenia Inter Samir Handanovič
100%
Difensore Italia Napoli Christian Maggio
86%
Centrocampista Spagna Fiorentina Borja Valero
57%
Attaccante Italia Milan Mario Balotelli
57%
Difensore Italia Milan Mattia De Sciglio
43%
Nessun quiz corrispondente trovato
Distribuzione punteggi
Percentuale di utenti per punteggio
Percentile per numero di risposta
I tuoi punteggi nel tempo
Non hai fatto questo quiz